Mariscal Sucre International Airport (Quito, Ecuador) - Statistics

General Stats
  • This quiz has been taken 63 times
    20 since last reset
  • The average score is 18 of 24
Answer Stats
Airline Destination % Correct
Avianca/Avianca Ecuador/LATAM Colombia/LATAM Ecuador Bogotá
100%
Aeroregional/JetSmart Perú/LATAM Perú Lima
100%
KLM Amsterdam
95%
Air Europa/Iberia Madrid
95%
Aeroméxico Mexico City
95%
Delta Air Lines Atlanta
89%
Avianca Costa Rica/Avianca Ecuador Buenos Aires (Ezeiza)
89%
United Airlines Houston (Intercontinental)
89%
Avianca Costa Rica San José (CR)
89%
Avianca El Salvadro San Salvador
89%
Aeroregional/Avianca Ecuador/LATAM Ecuador Guayaquil
84%
Avianca Ecuador Medellín (JMC)
84%
American Airlines/LATAM Ecuador Miami
84%
Aeroregional Panama City (Balboa)
84%
Copa Airlines Panama City (Tocumen)
84%
Avianca Ecuador New York (JFK)
79%
Avianca Ecuador Baltra
47%
Aeroregional/Avianca Ecuador/LATAM Ecuador Cuenca
47%
Aeroregional/Avianca Ecuador/LATAM Ecuador Manta
47%
Avianca Ecuador/LATAM Ecuador San Cristóbal
47%
Aeroregional Loja
42%
Aeroregional/Arajet/Avianca Ecuador Punta Cana
42%
Aeroregional Machala
37%
Aeroregional/LATAM Ecuador Coca
26%
No matching quizzes found
Score Distribution
Percent of People with Each Score
Percentile by Number Answered
Your Score History
You have not taken this quiz since the last reset